JR東日本の駅の乗車人員ランキング(501位以降) - Statistics

General Stats
  • This quiz has been taken 14 times
  • The average score is 144 of 341
Answer Stats
何位か 路線 Answer % Correct
550 奥羽本線・新幹線 さくらんぼ東根
92%
712 中央線 勝沼ぶどう郷
92%
505 高崎線 倉賀野
83%
511 奥羽本線 北山形
83%
513 信越本線 安中
83%
543 中央線・小海線 小淵沢
83%
549 上越線・新幹線 浦佐
83%
574 常磐線 相馬
83%
577 飯山線・新幹線 飯山
83%
590 日光線 今市
83%
596 日光線 日光
83%
598 奥羽本線・新幹線など 新庄
83%
763 弥彦線 弥彦
83%
803 大糸線 南小谷
83%
515 中央線 山梨市
75%
523 中央線 塩山
75%
538 内房線 館山
75%
563 大糸線 信濃大町
75%
564 奥羽本線・新幹線 かみのやま温泉
75%
584 常磐線 原ノ町
75%
605 羽越本線 羽後本荘
75%
610 羽越本線 酒田
75%
623 外房線 勝浦
75%
648 常磐線 勿来
75%
667 東北本線 白河
75%
682 篠ノ井線 田沢
75%
685 田沢湖線・新幹線 角館
75%
687 田沢湖線・新幹線 雫石
75%
711 田沢湖線・新幹線 田沢湖
75%
723 新幹線 安中榛名
75%
773 釜石線 釜石
75%
833 只見線 只見
75%
506 中央線 下諏訪
67%
526 総武線
67%
542 信越本線 柏崎
67%
544 東海道線 早川
67%
552 奥羽本線・新幹線 天童
67%
553 中央線 四方津
67%
557 越後線・弥彦線 吉田
67%
578 外房線・内房線 安房鴨川
67%
580 奥羽本線・北上線 横手
67%
585 羽越本線 鶴岡
67%
588 八戸線 本八戸
67%
609 水郡線 常陸太田
67%
612 新幹線 白石蔵王
67%
615 中央線 富士見
67%
617 鹿島線 鹿島神宮
67%
627 釜石線・新幹線 新花巻
67%
636 新幹線 七戸十和田
67%
637 新幹線 上毛高原
67%
638 新幹線 二戸
67%
644 奥羽本線・花輪線 大館
67%
659 磐越西線 喜多方
67%
688 奥羽本線・五能線 東能代
67%
704 花輪線 好摩
67%
705 飯山線 十日町
67%
710 五能線 能代
67%
713 大糸線 白馬
67%
724 上越線 水上
67%
733 男鹿線 男鹿
67%
737 左沢線 左沢
67%
781 小海線 野辺山
67%
809 新幹線 いわて沼宮内
67%
810 羽越本線 あつみ温泉
67%
507 常磐線 亘理
58%
516 信越本線 三条
58%
531 仙石線 松島海岸
58%
570 奥羽本線・新幹線 赤湯
58%
572 八高線 群馬藤岡
58%
604 新幹線 くりこま高原
58%
607 青梅線 奥多摩
58%
621 左沢線 寒河江
58%
622 吾妻線 中之条
58%
632 水郡線 常陸大宮
58%
641 奥羽本線・新幹線 村山
58%
643 吾妻線 長野原草津口
58%
647 五能線 五所川原
58%
651 上越線・只見線 小出
58%
652 東北本線 松島
58%
656 奥羽本線・新幹線 高畠
58%
665 奥羽本線・新幹線 大石田
58%
676 奥羽本線 湯沢
58%
681 羽越本線 坂町
58%
699 東北本線 平泉
58%
701 八高線 寄居
58%
722 内房線 千倉
58%
727 水郡線 常陸大子
58%
728 鹿島線 潮来
58%
729 久留里線 久留里
58%
734 八戸駅
58%
736 大湊線 野辺地
58%
748 信越本線 横川
58%
756 花輪線 鹿角花輪
58%
760 羽越本線 象潟
58%
762 小海線 小海
58%
784 八戸線 久慈
58%
796 大湊線 大湊
58%
501 中央線 相模湖
50%
508 中央線 藤野
50%
510 常磐線 湯本
50%
517 東北本線 南福島
50%
519 東北本線 水沢
50%
521 信越本線 直江津
50%
533 東北本線 本宮
50%
534 総武線 八日市場
50%
536 小海線 小諸
50%
537 篠ノ井線 南松本
50%
539 上越線 沼田
50%
546 上越線 六日町
50%
547 川越線 西川越
50%
566 信越本線・上越線 宮内
50%
567 外房線 大原
50%
571 羽越本線 村上
50%
575 水戸線 笠間
50%
579 大糸線 穂高
50%
593 信越本線 磯部
50%
597 中央線 猿橋
50%
608 新幹線 水沢江刺
50%
611 常磐線 高浜
50%
629 奥羽本線 浪岡
50%
634 水戸線 岩瀬
50%
640 総武線 松尾
50%
655 常磐線 大津港
50%
661 水郡線 上菅谷
50%
683 成田線 下総松崎
50%
689 内房線 上総湊
50%
690 中央線 辰野
50%
694 水郡線 磐城石川
50%
695 外房線 御宿
50%
702 羽越本線・陸羽西線 余目
50%
716 只見線 会津坂下
50%
726 釜石線 遠野
50%
769 陸羽東線 鳴子温泉
50%
779 外房線 安房小湊
50%
813 米坂線 小国
50%
836 飯山線 森宮野原
50%
503 東金線 求名
42%
504 奥羽本線 土崎
42%
509 八高線 金子
42%
512 上越線 群馬総社
42%
518 信越本線 川中島
42%
522 白新線 東新潟
42%
525 両毛線 前橋大島
42%
532 奥羽本線・男鹿線 追分
42%
541 篠ノ井線 平田
42%
545 日光線 鶴田
42%
548 内房線 青堀
42%
554 外房線 新茂原
42%
562 新幹線 ガーラ湯沢
42%
581 信越本線 群馬八幡
42%
582 上越線 小千谷
42%
586 東北本線 矢吹
42%
594 羽越本線 中条
42%
599 飯山線 豊野
42%
603 東北本線 伊達
42%
614 東北本線 松川
42%
624 総武線 干潟
42%
625 内房線 大貫
42%
626 篠ノ井線 明科
42%
631 大糸線 豊科
42%
633 外房線 永田
42%
649 総武線 日向
42%
650 成田線 下総神崎
42%
664 総武線 飯岡
42%
669 信越本線 犀潟
42%
670 東北本線 桑折
42%
671 常磐線 山下
42%
672 東北本線 藤田
42%
673 只見線 西若松
42%
674 奥羽本線 八郎潟
42%
675 八高線 小川町
42%
677 常磐線 四ツ倉
42%
684 中央線 日野春
42%
686 仙山線 山寺
42%
692 奥羽本線 鷹ノ巣
42%
697 総武線・成田線 松岸
42%
703 外房線 太東
42%
715 東北本線 黒田原
42%
717 鹿島線 鹿島サッカースタジアム
42%
718 磐越東線 小野新町
42%
721 奥羽本線 和田
42%
725 常磐線 新地
42%
741 内房線 浜金谷
42%
743 磐越西線 磐梯熱海
42%
747 篠ノ井線 聖高原
42%
767 大湊線 下北
42%
768 上越線 越後川口
42%
771 内房線 佐貫町
42%
783 大船渡線 気仙沼
42%
788 飯山線 戸狩野沢温泉
42%
798 中央線 小野
42%
800 羽越本線 遊佐
42%
817 山田線 宮古
42%
819 飯山線 津南
42%
825 只見線 会津川口
42%
514 総武線 榎戸
33%
520 内房線 巌根
33%
524 信越本線 北高崎
33%
529 成田線 小林
33%
530 外房線 本納
33%
535 常磐線 磯原
33%
540 東北本線 二本松
33%
555 仙石線 高城町
33%
558 東北本線 野崎
33%
560 常磐線 岩間
33%
561 両毛線 岩宿
33%
568 総武線 横芝
33%
569 小海線 岩村田
33%
573 仙石線 矢本
33%
583 中央線 塩崎
33%
587 成田線 小見川
33%
592 奥羽本線 蔵王
33%
595 小海線 中込
33%
601 磐越西線 五泉
33%
602 常磐線 内郷
33%
619 羽越本線 新屋
33%
639 東北本線 東福島
33%
642 八高線 毛呂
33%
645 外房線 八積
33%
646 日光線 下野大沢
33%
654 大糸線 一日市場
33%
657 東北本線 片岡
33%
660 磐越東線 三春
33%
679 磐越西線 猪苗代
33%
693 東北本線 松山町
33%
696 東北本線 瀬峰
33%
698 内房線 南三原
33%
720 外房線 長者町
33%
732 内房線 岩井
33%
735 大糸線 安曇追分
33%
745 羽越本線 仁賀保
33%
746 五能線 鰺ケ沢
33%
749 常磐線 竜田
33%
750 常磐線 坂元
33%
751 内房線 保田
33%
752 大糸線 有明
33%
753 内房線 安房勝山
33%
755 内房線 富浦
33%
757 五能線 木造
33%
758 石巻線 女川
33%
764 奥羽本線 大鰐温泉
33%
775 奥羽本線 森岳
33%
777 篠ノ井線 西条
33%
780 米坂線 今泉
33%
785 外房線 上総興津
33%
789 越後線 寺泊
33%
791 北上線 ほっとゆだ
33%
792 津軽線 蟹田
33%
805 田沢湖線 羽後長野
33%
816 奥羽本線 碇ケ関
33%
821 内房線 江見
33%
826 篠ノ井線 冠着
33%
527 常磐線 植田
25%
528 両毛線 国定
25%
551 東北本線 紫波中央
25%
556 東北本線 鹿島台
25%
576 東北本線 国府多賀城
25%
589 上越線 八木原
25%
616 東北本線 鏡石
25%
630 大糸線 南豊科
25%
635 東北本線 安達
25%
658 磐越東線 船引
25%
662 水戸線 川島
25%
663 水戸線 玉戸
25%
668 成田線 滑河
25%
680 大糸線 梓橋
25%
691 大糸線 信濃松川
25%
700 奥羽本線 北常盤
25%
708 東北本線 蒲須坂
25%
714 奥羽本線 十文字
25%
730 水戸線 宍戸
25%
731 磐越西線 塩川
25%
740 奥羽本線 二ツ井
25%
742 東北本線 品井沼
25%
744 奥羽本線 刈和野
25%
761 花輪線 大更
25%
774 小海線 臼田
25%
776 奥羽本線 羽後境
25%
786 仙山線 作並
25%
799 篠ノ井線 坂北
25%
802 磐越西線 野沢
25%
806 小海線 八千穂
25%
814 水郡線 袋田
25%
815 小海線 信濃川上
25%
822 奥羽本線 峰吉川
25%
824 奥羽本線 真室川
25%
502 信越本線 越後石山
17%
565 白新線 大形
17%
600 白新線 早通
17%
606 信越本線 さつき野
17%
613 仙石線 蛇田
17%
620 仙石線 陸前山下
17%
628 羽越本線 羽後牛島
17%
653 越後線 越後曽根
17%
666 仙石線 陸前赤井
17%
706 左沢線 羽前長崎
17%
707 大糸線 中萱
17%
709 奥羽本線 大久保
17%
738 水郡線 瓜連
17%
739 奥羽本線 井川さくら
17%
754 陸羽東線 西古川
17%
759 羽越本線 藤島
17%
766 奥羽本線 神宮寺
17%
770 水郡線 磐城浅川
17%
778 久留里線 横田
17%
787 水郡線 磐城塙
17%
790 奥羽本線 鹿渡
17%
793 奥羽本線 羽後飯塚
17%
794 羽越本線 金浦
17%
795 磐越西線 磐梯町
17%
807 水郡線 山方宿
17%
812 気仙沼線 陸前豊里
17%
818 奥羽本線 早口
17%
827 大糸線 神城
17%
828 水郡線 上小川
17%
830 奥羽本線 芦沢
17%
559 白新線 新崎
8%
591 越後線 青山
8%
618 信越本線 矢代田
8%
678 大糸線 柏矢町
8%
719 男鹿線 二田
8%
765 米坂線 羽前小松
8%
772 水郡線 玉川村
8%
782 奥羽本線 飯詰
8%
797 飯山線 信濃浅野
8%
801 磐越西線 山都
8%
804 小海線 羽黒下
8%
808 陸羽東線 最上
8%
811 奥羽本線 舟形
8%
820 五能線 陸奥森田
8%
829 陸羽東線 鳴子御殿湯
8%
831 陸羽西線 狩川
8%
832 磐越西線 荻野
8%
834 五能線 あきた白神
8%
835 米坂線 羽前椿
8%
837 陸羽西線 古口
8%
838 北上線 相野々
8%
840 飯山線 信濃白鳥
8%
823 水郡線 東館
0%
839 飯山線 横倉
0%
841 飯山線 平滝
0%
No matching quizzes found
Score Distribution
Percent of People with Each Score
Percentile by Number Answered
Your Score History
You have not taken this quiz